[Event "Olympiad Women 2024"]
[Site "Budapest HUN"]
[Date "2024.09.14"]
[Round "4.37"]
[Board "4"]
[White "Allam, Yara"]
[Black "Abaeva, Aiana"]
[Result "1-0"]
[WhiteElo "1920"]
[BlackElo "1858"]
[PlyCount "129"]
[EventDate "2024.09.11"]
[WhiteTeam "Egypt"]
[BlackTeam "Kyrgyzstan"]
[WhiteTeamCountry "EGY"]
[BlackTeamCountry "KGZ"]

1. e4 c5 2. Nf3 d6 3. d4 cxd4 4. Nxd4 Nf6 5. Nc3 a6 6. Be3 e6 7. f3 Be7 8. Qd2 b5 9. a3 Bb7 10. g4 h6 ({RR} 10... Nfd7 11. g5 Nb6 12. h4 N8d7 13. Rg1 Rc8 14. h5 Ne5 15. b3 Qc7 16. Nce2 g6 17. Qa5 Ned7 18. Rh1 O-O 19. hxg6 hxg6 20. Bh3 e5 21. Kf2 d5 22. Rh2 exd4 23. Bf4 Bd6 24. Bxd6 Qxd6 25. Rah1 {0-1 Raja,H (2420)-Moroni,L (2530) Zuerich op-A 41st 2017 (7)}) ({RR} 10... Nfd7 11. O-O-O Nc6 12. h4 Nce5 13. g5 Nb6 14. f4 Nec4 15. Bxc4 Nxc4 16. Qe1 Qc7 17. Rh3 Rc8 18. Bg1 O-O 19. f5 Qd7 20. Qe2 d5 21. fxe6 fxe6 22. Qg4 Ne5 23. Qxe6+ Qxe6 24. Nxe6 Rf3 25. Rxf3 {1-0 Farkas,T (2210)-Arvai,E (1865) TCh-HUN 2023-24 (7.9)}) 11. Be2 $146 ({RR} 11. O-O-O Nbd7 12. Bd3 Ne5 13. h4 b4 14. axb4 Nfd7 15. g5 Nb6 16. Qf2 Rc8 17. Nxe6 fxe6 18. Bxb6 Qd7 19. Bd4 hxg5 20. Bxe5 O-O 21. Qd4 Rf7 22. Be2 Rd8 23. Bg3 Qc8 24. h5 Bf6 25. e5 dxe5 {1-0 Floricelovic,M-Karisik,N (2142) EU-ch U18 Herceg Novi 2006 (2)}) ({RR} 11. h4 Nfd7 12. Qf2 Nc6 13. Bd3 Nce5 14. Kf1 Rc8 15. Kg2 Nc4 16. Bxc4 Rxc4 17. Qg3 Rc8 18. g5 hxg5 19. hxg5 Rxh1 20. Rxh1 Ne5 21. f4 Nc4 22. Rh8+ Bf8 23. Bc1 Qb6 24. Qd3 Kd7 25. b3 Na5 {0-1 Harkowski,K (2089)-Salamon,J (1857) Grunwald Cup 20th blind 2005 (3)}) ({RR} 11. Bd3 Nc6 12. Nxc6 Bxc6 13. O-O-O Qc7 14. h4 O-O-O 15. Qe2 d5 16. exd5 Nxd5 17. Nxd5 Rxd5 18. Qf2 Kb8 19. Rhg1 f6 20. Kb1 Rc8 21. Rd2 Qb7 22. Rgd1 Rcd8 23. Be2 b4 24. Rxd5 Rxd5 25. axb4 Bxb4 {½-½ Brunat,J-Jenicek,M (1615) Klatovy op-B 2001}) 11... Nbd7 12. O-O-O Ne5 13. h4 Rc8 14. g5 Nfd7 15. f4 Nc4 16. Bxc4 bxc4 17. g6 Nc5 18. gxf7+ Kxf7 19. Qg2 Bf6 20. Rhg1 Qe8 21. Nde2 Ke7 22. Bd4 Rg8 23. Qf3 Qf7 24. Qe3 Nd7 25. Bxf6+ gxf6 26. Qd4 Rc6 27. Rxg8 Qxg8 28. Rg1 Qh8 29. Rg3 Qh7 30. Qg1 Kf7 31. Nd4 Rc8 32. Nxe6 Rg8 33. Rxg8 Qxg8 34. Qxg8+ Kxg8 35. Kd2 Nb6 36. Ke3 Bc8 37. Nc7 Kf7 38. N7d5 Nxd5+ 39. Nxd5 f5 40. Nb6 Be6 41. exf5 Bxf5 42. Nxc4 Bxc2 43. Nxd6+ Ke6 44. Ne4 Kf5 45. Nc5 Kg4 46. Nxa6 Kxh4 47. Nb4 Bb3 48. Nd3 Kg4 49. Ne5+ Kf5 50. Nf3 Kg4 51. Nd4 Bd5 52. f5 h5 53. Kf2 h4 54. Kg1 Kf4 55. b4 Ke4 56. Nc2 Bg8 57. b5 Kd5 58. Kg2 Kc5 59. a4 Bb3 60. f6 Kd6 61. Nb4 Kc5 62. Kh3 Kd6 63. Kxh4 Bxa4 64. f7 Ke7 65. b6 1-0

[Event "Olympiad Women 2024"]
[Site "Budapest HUN"]
[Date "2024.09.14"]
[Round "4.38"]
[Board "1"]
[White "Steil-Antoni, Fiona"]
[Black "Chuemsakul, Sarocha"]
[Result "1/2-1/2"]
[WhiteElo "2085"]
[BlackElo "1906"]
[PlyCount "62"]
[EventDate "2024.09.11"]
[WhiteTeam "Luxembourg"]
[BlackTeam "Thailand"]
[WhiteTeamCountry "LUX"]
[BlackTeamCountry "THA"]

1. e4 e5 2. Nf3 Nc6 3. d4 exd4 4. Nxd4 Bc5 5. Nb3 Bb6 6. Qe2 d6 7. Nc3 Nge7 8. Be3 Be6 9. O-O-O O-O 10. f4 Re8 ({RR} 10... Kh8 11. Kb1 Qe8 12. Bxb6 axb6 13. g4 f6 14. h4 Qf7 15. f5 Bxb3 16. cxb3 Ne5 17. g5 Rad8 18. Bg2 Rd7 19. Rhf1 Rfd8 20. Qe3 Re8 21. Qg3 Red8 22. Qe3 Re8 23. Qg3 Red8 24. Rd2 c6 25. Qf4 {½-½ Radjabov,T (2748)-Tomashevsky,E (2701) EU-Cup 26th Plovdiv 2010 (5.2)}) ({RR} 10... f6 11. Kb1 Bxe3 12. Qxe3 Re8 13. Qf3 Qc8 14. h3 a6 15. g4 Kh8 16. Rg1 Bg8 17. h4 Rf8 18. Bh3 Qe8 19. Nd5 Qd8 20. h5 h6 21. Qg3 Nxd5 22. exd5 Nb4 23. Bg2 a5 24. a3 a4 25. Nd4 {1-0 Skvortsova,A (2085)-Vujosevic,V (2335) 76th ch-MNE 2024 (7.10)}) 11. h3 f5 12. e5 $146 ({RR} 12. g4 fxe4 13. Bg2 Bf7 14. Kb1 Ng6 15. h4 Qe7 16. h5 Nf8 17. h6 g6 18. Bxb6 axb6 19. Bxe4 Nd7 20. Qd2 Nf6 21. Rhe1 Nxe4 22. Nxe4 d5 23. Qc3 d4 24. Nxd4 Bxa2+ 25. Kc1 Qf7 26. Nxc6 {1-0 Revo,T (2026)-Kusenkova,N (1980) BLR-ch U20 Girls 2014 (6)}) 12... Bxb3 13. axb3 d5 14. g4 d4 15. Bg1 Qc8 16. Nb5 Rd8 17. Qc4+ Kh8 18. e6 Na5 19. Qe2 c5 20. gxf5 Nxf5 21. Qe5 Ng3 22. Rh2 Nc6 23. Qg5 Nxf1 24. Rg2 Rg8 25. f5 Qd8 26. Rxf1 Qxg5+ 27. Rxg5 Bd8 28. Rg2 Be7 29. Bh2 Rad8 30. Na3 a6 31. Nc4 Rd5 1/2-1/2

[Event "Olympiad Women 2024"]
[Site "Budapest HUN"]
[Date "2024.09.14"]
[Round "4.38"]
[Board "2"]
[White "Prommuang, Araya"]
[Black "Bakalarz, Grazyna"]
[Result "0-1"]
[WhiteElo "1753"]
[BlackElo "1928"]
[PlyCount "84"]
[EventDate "2024.09.11"]
[WhiteTeam "Thailand"]
[BlackTeam "Luxembourg"]
[WhiteTeamCountry "THA"]
[BlackTeamCountry "LUX"]

1. e4 {ChessBase II} c5 2. Nf3 Nc6 3. d4 cxd4 4. Nxd4 Nf6 5. Nc3 e5 6. Ndb5 d6 7. Bg5 a6 8. Na3 Be6 ({RR} 8... b5) 9. Nc4 Rc8 10. Bxf6 gxf6 11. Bd3 Ne7 12. Ne3 Bh6 13. Ned5 Bxd5 14. Nxd5 Nxd5 15. exd5 Qa5+ 16. c3 Qxd5 17. Qe2 $146 ({RR} 17. O-O Rg8 18. g3 Ke7 19. Qc2 Qc5 20. Qb3 Rc7 21. Be4 Rd8 22. Bd5 Kf8 23. Rad1 Re7 24. Qc2 Kg7 25. Rfe1 Qc8 26. Be4 Qe6 27. c4 Rc7 28. b3 b5 29. Bf5 Qe8 30. Qe2 bxc4 31. Qg4+ Kf8 {1-0 King,D (2515)-Rovid,K (2285) Cappelle op 06th 1990 (6)}) ({RR} 17. O-O Ke7 18. Qe2 Rc7 19. Rfd1 Qe6 20. Qh5 Bf8 21. Be4 f5 22. Bxf5 Qh6 23. Qf3 Qf6 24. Qe4 h5 25. Rd3 Bh6 26. Rad1 Rd8 27. Rf3 Qg5 28. h4 Qg7 29. Bh3 Rc6 30. Rf5 Qg6 31. Rd3 Bg7 {1-0 Zecevic,D (2290)-Djurdjevic,P (2305) Pula tt2 1990 (7)}) 17... Qxg2 18. Be4 Qh3 19. Bxb7 Rb8 20. Bc6+ Kf8 21. Be4 f5 22. Qxa6 Rd8 23. Bd5 Rg8 24. Qb7 Rg7 25. Qc7 Qh4 26. Kd1 Qg5 27. Kc2 Qd2+ 28. Kb3 Qxd5+ 29. Kc2 Qd2+ 30. Kb3 Qd5+ 31. Kc2 Qe4+ 32. Kb3 Qa8 33. Rhg1 Rb8+ 34. Qxb8+ Qxb8+ 35. Kc2 Rxg1 36. Rxg1 Qb7 37. a4 Qa7 38. Kb3 Qb6+ 39. Ka3 Qc5+ 40. Kb3 Qxf2 41. Rd1 Qb6+ 42. Ka3 Qc5+ 0-1

[Event "Olympiad Women 2024"]
[Site "Budapest HUN"]
[Date "2024.09.14"]
[Round "4.38"]
[Board "3"]
[White "Kremer, Nadine"]
[Black "Mekarapiruk, Nathasha"]
[Result "0-1"]
[WhiteElo "1898"]
[BlackElo "1728"]
[PlyCount "102"]
[EventDate "2024.09.11"]
[WhiteTeam "Luxembourg"]
[BlackTeam "Thailand"]
[WhiteTeamCountry "LUX"]
[BlackTeamCountry "THA"]

1. e4 e5 2. Bc4 Nc6 3. d3 Bc5 4. Nc3 Nf6 5. f4 d6 6. Nf3 Qe7 7. Na4 Bb6 8. Nxb6 axb6 9. O-O Na5 $146 ({RR} 9... Bg4 10. c3 O-O 11. b4 Rad8 12. h3 Bxf3 13. Qxf3 Rfe8 14. f5 h6 15. g4 Nd7 16. Qg3 Kh8 17. g5 Rf8 18. g6 d5 19. Bxh6 {1-0 Ilonczai,L (1742)-Trifu,C (1117) ROM-ch U14 Calimanesti 2015 (8)}) ({RR} 9... Be6 10. Bb5 Rxa2 11. Rxa2 Bxa2 12. b3 O-O 13. Bxc6 bxc6 14. Ba3 Ra8 15. Qc1 Bb1 16. fxe5 Nd7 17. exd6 cxd6 18. Nd4 c5 19. Nf5 Qf8 20. Bb2 Ba2 21. Bxg7 Qd8 22. Bb2 f6 23. Nxd6 Ne5 24. Nc4 {1-0 Ivekovic,B (2180)-Matanovic,L (1856) CRO-ch U15 Rabac 2011 (4)}) ({RR} 9... exf4 10. Bxf4 Be6 11. Bb5 O-O 12. Bg5 Bg4 13. Bxc6 bxc6 14. h3 Bh5 15. Qe1 h6 16. Bh4 Rfe8 17. Nd4 Qe5 18. Bxf6 gxf6 19. c3 Bg6 20. Nxc6 Qc5+ 21. Nd4 d5 22. b4 Qf8 23. Nf5 dxe4 24. dxe4 {1-0 Sokac,M (2294)-Hladnic,E (2008) Adriatic U20 op 2015 (6)}) 10. fxe5 dxe5 11. Bg5 Nxc4 12. dxc4 Qc5+ 13. Kh1 Bd7 14. Bxf6 gxf6 15. Nh4 Qxc4 16. Rxf6 O-O-O 17. Qd5 Qxd5 18. exd5 Bb5 19. Rxf7 Rxd5 20. Kg1 Rd2 21. Rf2 Rhd8 22. g4 Rxf2 23. Kxf2 Rd2+ 24. Kf3 Rxh2 25. Nf5 Rxc2 26. b3 Rc3+ 27. Kf2 e4 28. Rd1 Rf3+ 29. Kg2 Bd7 30. Ne7+ Kd8 31. Nf5 Rd3 32. Re1 Bxf5 33. gxf5 Rd5 34. Rxe4 Rxf5 35. Rd4+ Kc8 36. Kg3 h5 37. a4 c6 38. Rd6 Rd5 39. Rh6 Rd3+ 40. Kf4 Rxb3 41. Ke5 Rh3 42. Kd6 Kb8 43. Rh8+ Ka7 44. Kc7 Rg3 45. Rxh5 Rg7+ 46. Kd6 Rg4 47. a5 bxa5 48. Rxa5+ Kb6 49. Ra8 Rd4+ 50. Ke5 Rd1 51. Ke4 Kb5 0-1

[Event "Olympiad Women 2024"]
[Site "Budapest HUN"]
[Date "2024.09.14"]
[Round "4.38"]
[Board "4"]
[White "Khantree, Napat"]
[Black "Lyon, Hannah Jane"]
[Result "0-1"]
[WhiteElo "1711"]
[BlackElo "1797"]
[PlyCount "68"]
[EventDate "2024.09.11"]
[WhiteTeam "Thailand"]
[BlackTeam "Luxembourg"]
[WhiteTeamCountry "THA"]
[BlackTeamCountry "LUX"]

1. d4 Nf6 2. c4 g6 3. Nc3 d5 4. cxd5 Nxd5 5. e4 Nxc3 6. bxc3 Bg7 7. Bc4 c5 8. Ne2 Nc6 9. Be3 O-O 10. O-O Qc7 11. Rc1 Rd8 12. a3 ({RR} 12. h4 Na5 13. Bd3 e5 14. Bg5 Re8 15. dxe5 c4 16. Bc2 Qxe5 17. Rb1 a6 18. Nd4 Qc5 19. a4 Qa3 20. Qf3 Qc5 21. Bf6 Bg4 22. Qf4 Bxf6 23. Qxf6 Qe5 24. Qg5 Qxg5 25. hxg5 Rac8 26. Rb6 Kg7 {½-½ Adhiban,B (2661)-Petrosian,T (2609) Sharjah Masters 2nd 2018 (5)}) ({RR} 12. h4 e5 13. d5 Na5 14. Bd3 c4 15. Bc2 Qe7 16. Qd2 f5 17. Bg5 Bf6 18. f4 fxe4 19. Bxe4 exf4 20. Qxf4 Bxg5 21. hxg5 Qc5+ 22. Nd4 Bf5 23. Kh1 Qd6 24. Nxf5 gxf5 25. Qxf5 Rd7 26. Qg4 Re7 {1-0 Navalgund,N (2231)-Rajesh,V (2393) Mumbai Wealth op 5th 2019 (3)}) 12... e6 13. Qd2 $146 ({RR} 13. Bg5 Re8 14. d5 exd5 15. Bxd5 Be6 16. f4 Qd7 17. Bxe6 Qxe6 18. Ng3 Qc4 19. Qc2 h6 20. Bh4 a5 21. e5 g5 22. Ne4 gxh4 23. Nd6 Qe6 24. Nxe8 Rxe8 25. Rce1 Qc4 26. Re4 Nd4 27. Qd2 Nb3 {0-1 Lorusso,G (1801)-Massironi,M (2082) ITA-ch U20 26th 2003 (9)}) ({RR} 13. Bg5 Rd7 14. Bf4 Qd8 15. d5 exd5 16. Bxd5 Ne7 17. c4 Qa5 18. Qb3 Nxd5 19. cxd5 b6 20. Rfd1 Ba6 21. Bd2 Qb5 22. Qh3 Re7 23. Nc3 Qd7 24. Qxd7 Rxd7 25. Bf4 Re8 26. f3 Bd4+ 27. Kh1 f6 {½-½ Froehlich Dill,A (1997)-Overbeck,C (1801) Rhein Main op 11th 2008 (7)}) ({RR} 13. Bg5 Rd7 14. Bb5 a6 15. Bxc6 Qxc6 16. f3 b5 17. Qb3 c4 18. Qc2 Qb6 19. Kh1 Bb7 20. Ng3 Rc8 21. e5 a5 22. Rb1 Bd5 23. Ne4 Bxe4 24. fxe4 Bf8 25. Qa2 Qc6 26. Rfe1 b4 27. axb4 axb4 {1-0 Noorali,A (1793)-Zheng,K (1580) CAN-ch U20 Mississauga 2017 (3)}) 13... Qa5 14. Qb2 b6 15. Bb5 Bb7 16. Bd2 Nb4 17. a4 Nc6 18. Nf4 a6 19. d5 axb5 20. axb5 Na7 21. dxe6 Qxb5 22. exf7+ Kxf7 23. Qa2+ c4 24. Rb1 Qc6 25. Nd5 Nb5 26. Qb2 Ra5 27. Bg5 Re8 28. Qe2 Kg8 29. Rfd1 Nxc3 30. Nxc3 Bxc3 31. Qe3 Qxe4 32. Qg3 Be5 33. Qh3 Bxh2+ 34. Qxh2 Rxg5 0-1

[Event "Olympiad Women 2024"]
[Site "Budapest HUN"]
[Date "2024.09.14"]
[Round "4.39"]
[Board "3"]
[White "Vasquez Ramirez, Rocio"]
[Black "Jonet, Davena"]
[Result "1-0"]
[WhiteElo "1981"]
[BlackElo "1659"]
[PlyCount "91"]
[EventDate "2024.09.11"]
[WhiteTeam "Ecuador"]
[BlackTeam "Haiti"]
[WhiteTeamCountry "ECU"]
[BlackTeamCountry "HAI"]

1. d4 d5 2. Nf3 Bf5 3. Bf4 e6 4. e3 Nf6 5. Bd3 Bxd3 6. Qxd3 Nc6 ({RR} 6... c5 7. Qb5+ Qd7 8. Qxd7+ Nbxd7 9. Nbd2 {½-½ Kharlov,A (2628)-Ivanov,S (2572) RUS-chT 12th 2005 (11)}) 7. a3 ({RR} 7. Ne5 Nxe5 8. Bxe5 Be7 9. Qb5+ Nd7 10. Nd2 O-O 11. b3 b6 12. O-O Bf6 13. Nf3 Bxe5 14. Nxe5 Nxe5 15. dxe5 Qg5 16. f4 Qf5 17. Qd3 Qg4 18. Rf3 Qf5 19. Rc1 Qxd3 20. cxd3 c5 21. Rf2 Rfd8 {1-0 Lestina,P (1228)-Hoang,D (1494) Prague Golden U20 op 17th 2022 (6)}) 7... Bd6 8. Bg5 $146 ({RR} 8. Bg3 O-O 9. Nbd2 Re8 10. O-O e5 11. dxe5 Bxe5 12. Nxe5 Nxe5 13. Qf5 Ng6 14. Nf3 c6 15. Qd3 Qb6 16. Rad1 Rad8 17. b4 Ne4 18. Rfe1 Nxg3 19. hxg3 Ne5 20. Nxe5 Rxe5 21. Qd4 Qxd4 22. exd4 Rxe1+ {½-½ Soukup,J (1750)-Hajek,L (1750) CSS-ch U14 Svetla nad Sazavou 1995}) ({RR} 8. Bg3 Bxg3 9. hxg3 Qe7 10. Nbd2 O-O-O 11. O-O-O h6 12. Nh2 e5 13. dxe5 Nxe5 14. Qe2 Qe6 15. Kb1 Rd6 16. Ndf3 Rb6 17. Nxe5 Qxe5 18. b3 Kb8 19. Rd4 Ne4 20. Rxe4 Qxe4 21. Qf3 Rxb3+ 22. Kc1 Qxf3 {0-1 Mayer,R (1504)-Urbach,J (1599) Heusenstamm Sparkassen op-B 3rd 2016 (7)}) ({RR} 8. Bxd6 Qxd6 9. Nbd2 O-O 10. O-O e5 11. Nxe5 Nxe5 12. dxe5 Qxe5 13. b4 c6 14. Nf3 Qe4 15. Qxe4 Nxe4 16. Rfd1 f6 17. h3 Rfe8 18. Nd4 Nd6 19. Rac1 Nc4 20. Ra1 a5 21. c3 axb4 22. axb4 Kf7 {½-½ Kukreja,K (1540)-Pyun,L (1495) BCF-chT3 U18 1920 (4NCL) online 2020 (4.55)}) 8... h6 9. Bh4 Be7 10. Nbd2 a6 11. c4 dxc4 12. Nxc4 O-O 13. O-O Nd5 14. Bg3 Nf6 15. h3 Qd5 16. Bxc7 Qb5 17. Rfd1 Rac8 18. Bd6 Rfd8 19. Bxe7 Nxe7 20. Rac1 Ned5 21. Nfe5 Nb6 22. b4 Nfd5 23. Na5 Qxd3 24. Nxd3 Rc3 25. Rxc3 Nxc3 26. Re1 Nb5 27. Nxb7 Rb8 28. Nbc5 Nxa3 29. Nxa6 Ra8 30. Ndc5 Kf8 31. Ra1 Nac4 32. b5 Ke7 33. Rc1 Rc8 34. Nb4 Na3 35. Nc6+ Kf8 36. Ne5 Ke7 37. Ra1 Ra8 38. e4 Nc2 39. Nc6+ Ke8 40. Ra6 Rxa6 41. bxa6 Na8 42. d5 exd5 43. exd5 Na3 44. d6 Nb6 45. a7 Nb5 46. a8=Q+ 1-0

[Event "Olympiad Women 2024"]
[Site "Budapest HUN"]
[Date "2024.09.14"]
[Round "4.39"]
[Board "4"]
[White "Dunat, Kineberlie"]
[Black "Guerrero Caicedo, Arlette"]
[Result "1/2-1/2"]
[WhiteElo "1582"]
[BlackElo "1868"]
[PlyCount "150"]
[EventDate "2024.09.11"]
[WhiteTeam "Haiti"]
[BlackTeam "Ecuador"]
[WhiteTeamCountry "HAI"]
[BlackTeamCountry "ECU"]

1. e4 e6 2. Nf3 d5 3. exd5 Qxd5 4. Nc3 Qd8 5. Bc4 Nf6 6. O-O Be7 7. d4 Nd5 $146 ({RR} 7... O-O 8. Bf4 c6 9. Qe2 Re8 10. Rad1 Nbd7 11. Bxe6 fxe6 12. Qxe6+ Kh8 13. Ng5 Rf8 14. Nf7+ Rxf7 15. Qxf7 Nb6 16. Rfe1 Bf8 17. Bc7 Be6 18. Rxe6 Qd7 19. Qxd7 Nbxd7 20. Rde1 Kg8 21. Bd6 Rd8 22. Ne4 {1-0 Showalter,J-Conen,A Western CA-23 Masters 1922}) ({RR} 7... O-O 8. h3 a6 9. a4 b6 10. d5 exd5 11. Nxd5 Bb7 12. Nxe7+ Qxe7 13. Bd3 Nbd7 14. Bf4 Nd5 15. Re1 Qb4 16. Bd2 Qxb2 17. Ng5 h6 18. Nh7 Rfe8 19. Qg4 N7f6 20. Qf5 g6 21. Nxf6+ Qxf6 22. Qxf6 {0-1 Tsydypov,Z (2552)-Zhizmer,Y (2339) Titled Arena 2nd Jan blitz 2021}) ({RR} 7... O-O 8. Qe2 a6 9. a4 c5 10. dxc5 Bxc5 11. Ne4 Nxe4 12. Qxe4 Nd7 13. Bg5 Qb6 14. Bd3 f5 15. Qc4 Kh8 16. Rae1 Nf6 17. Ne5 Ng4 18. Nxg4 fxg4 19. Be3 Bxe3 20. Rxe3 Bd7 21. Qe4 Rf5 22. Rg3 {1-0 Alfaro Aldunate,A (1725)-Milovic,S (1617) 32nd EY Girls U12 2024 (8.16)}) ({RR} 7... c6 8. Qe2 O-O 9. Bf4 Nd5 10. Bd2 Nd7 11. Rad1 b5 12. Bb3 a5 13. Nxd5 exd5 14. c3 Re8 15. Bc2 Nf8 16. Ne5 Bf6 17. f4 Qb6 18. Qf3 Ra7 19. Be3 Bd8 20. f5 f6 21. Ng4 Kh8 22. Nf2 {0-1 Stein,G-Grosser,W DDR-ch01 Final (DSV+DSB) 1950 (11)}) ({RR} 7... O-O 8. Qd3 c6 9. Bf4 b5 10. Bb3 a5 11. a3 Ba6 12. Qe3 b4 13. axb4 Bxf1 14. Kxf1 Nbd7 15. bxa5 Rxa5 16. Ra4 Rxa4 17. Bxa4 Nb6 18. Bxc6 Bd6 19. Bxd6 Qxd6 20. Ne5 Rd8 21. Nb5 Qb4 22. b3 {0-1 Jurca,J (1538)-Gaber,L (1499) Sentjur Ipavec Memorial 9th 2008 (3)}) 8. Nxd5 exd5 9. Bd3 Be6 10. Bf4 Nd7 11. c3 O-O 12. Qc2 Nf6 13. Ng5 h6 14. Nxe6 fxe6 15. Qe2 Qd7 16. Rfe1 Ne4 17. Bxe4 Rxf4 18. Bf3 Rf6 19. Bg4 Kf7 20. Rad1 Re8 21. a3 c5 22. Rd3 Bd6 23. Rf3 cxd4 24. Rxf6+ Kxf6 25. Qf3+ Ke7 26. cxd4 Kd8 27. g3 Bc7 28. Bh5 Rg8 29. Qf7 Qxf7 30. Bxf7 Rf8 31. Bxe6 Re8 32. Kf1 Bb6 33. Bxd5 Rxe1+ 34. Kxe1 Bxd4 35. b3 Kc7 36. Ke2 b6 37. f3 a5 38. a4 Kd6 39. Bg8 Ke5 40. h3 Bc5 41. f4+ Kf6 42. Kf3 Bd4 43. g4 Bc3 44. Ke4 Be1 45. Bc4 Bd2 46. h4 Be1 47. g5+ hxg5 48. hxg5+ Ke7 49. Kf5 Bc3 50. Kg6 Kf8 51. f5 Bd4 52. f6 gxf6 53. gxf6 Bc5 54. f7 Bd4 55. Kf5 Bc5 56. Ke6 Be3 57. Kd6 Bc5+ 58. Kc6 Be3 59. Kb5 Bf2 60. Kc6 Be3 61. Kb5 Bf2 62. Be6 Be3 63. Kc4 Bf2 64. Kc3 Be3 65. Kd3 Bf2 66. Kc4 Be3 67. Bd5 Bf2 68. b4 axb4 69. Kxb4 Be3 70. Kb5 Bf2 71. a5 bxa5 72. Kxa5 Be3 73. Kb5 Bf2 74. Kc6 Be3 75. Kd7 Bf4 1/2-1/2

[Event "Olympiad Women 2024"]
[Site "Budapest HUN"]
[Date "2024.09.14"]
[Round "4.40"]
[Board "4"]
[White "Lopez Rayo, Isabella"]
[Black "Altesor, Caterina"]
[Result "1-0"]
[WhiteElo "1952"]
[BlackElo "1741"]
[PlyCount "107"]
[EventDate "2024.09.11"]
[WhiteTeam "Colombia"]
[BlackTeam "Uruguay"]
[WhiteTeamCountry "COL"]
[BlackTeamCountry "URU"]

1. e4 e5 2. Nf3 Nc6 3. Bb5 Nf6 4. O-O d6 5. d4 exd4 6. Nxd4 Bd7 7. Nxc6 bxc6 8. Bd3 Be7 9. Nc3 O-O 10. h3 Qc8 ({RR} 10... Re8 11. Re1 Bf8 12. Bf4 {½-½ Varga,Z (2479)-Chirila,I (2425) Timisoara GM 2008 (8)}) ({RR} 10... Re8 11. Re1 Be6 12. f4 d5 13. f5 Bc5+ 14. Kh1 dxe4 15. fxe6 exd3 16. exf7+ Kxf7 17. Rxe8 Qxe8 18. cxd3 Qe5 19. d4 Bxd4 20. Bf4 Qxf4 21. Ne2 Qe4 22. Nxd4 Rb8 23. Nf3 Qf4 24. Qc2 Rb5 25. Qxc6 {1-0 Chen,Y (2340)-Chen,Z (2155) 4th Binhai Cup 2024 (7.6)}) 11. Qf3 Re8 12. Re1 Be6 $146 ({RR} 12... Qb7 13. b3 Be6 14. Bb2 Nd7 15. Qg3 Ne5 16. Bf1 f6 17. f4 Nd7 18. Ne2 Bf7 19. Nd4 Bf8 20. Re3 Kh8 21. Rae1 Bg6 22. Qg4 Nc5 23. e5 dxe5 24. fxe5 fxe5 25. Rxe5 Rxe5 26. Rxe5 Na4 27. Ba1 {½-½ Oguguamakwa,C-Adzua,G Abuja Positive Minds op 2015 (1)}) 13. Bg5 h6 14. Bd2 Rb8 15. b3 Nh7 16. Qg3 Bg5 17. f4 Bf6 18. e5 dxe5 19. fxe5 Bg5 20. Bxh7+ Kxh7 21. Bxg5 hxg5 22. Qxg5 Bf5 23. Qf4 Qe6 24. Ne4 Qg6 25. Ng5+ Kg8 26. c3 f6 27. exf6 gxf6 28. Nf3 Bxh3 29. Nh4 Qg5 30. Qxg5+ fxg5 31. Nf3 Bf5 32. Nxg5 Kg7 33. Nf3 Be4 34. Nd2 Bf5 35. Nc4 Be4 36. Rad1 Bd5 37. Ne3 Rbd8 38. Nxd5 Rxd5 39. Rxe8 Rxd1+ 40. Kh2 Rd2 41. Re7+ Kf6 42. Rxc7 Rxa2 43. Rxc6+ Ke5 44. b4 Ke4 45. b5 Rc2 46. c4 Kd4 47. Rc7 Rxc4 48. Rxc4+ Kxc4 49. g4 Kxb5 50. g5 a5 51. g6 a4 52. g7 a3 53. g8=Q Kb4 54. Qa2 1-0

[Event "Olympiad Women 2024"]
[Site "Budapest HUN"]
[Date "2024.09.14"]
[Round "4.41"]
[Board "1"]
[White "Corrales Jimenez, Zenia"]
[Black "Ghitza, Elena"]
[Result "1-0"]
[WhiteElo "2170"]
[BlackElo "1817"]
[PlyCount "83"]
[EventDate "2024.09.11"]
[WhiteTeam "Mexico"]
[BlackTeam "Malta"]
[WhiteTeamCountry "MEX"]
[BlackTeamCountry "MLT"]

1. e4 {Yudasin,Leonid} d6 2. d4 Nf6 3. Nc3 g6 4. Be3 Bg7 5. Qd2 Ng4 6. Bg5 h6 7. Bh4 a6 ({RR} 7... Nf6 8. f4 b6 ({RR} 8... c6 9. e5 dxe5 10. fxe5 Nd5 11. O-O-O) 9. O-O-O ({RR} 9. e5 dxe5 10. fxe5 Nd5 11. Nxd5 Qxd5 12. Be2 Nc6 13. Bf3 Qd7) 9... Bb7 10. e5 dxe5 11. fxe5 Nd5 12. Nf3 O-O 13. Bc4 Qd7 ({RR} 13... Nxc3 14. Qxc3) ({RR} 13... c6 14. Rhe1) 14. Rhe1 e6 ({RR} 14... Nxc3 15. Qxc3 ({RR} 15. e6) 15... e6) 15. Ne4 Qc6 ({RR} 15... Nc6 16. Nf6+ Bxf6 17. exf6 Kh7 18. Ne5 Nxe5 19. Rxe5) 16. Bxd5 ({RR} 16. Bb3) 16... exd5 ({RR} 16... Qxd5 17. Nf6+ Bxf6 18. Bxf6 Kh7 19. Ng5+ Kg8 20. Ne4 Kh7 21. Be7 Qxa2 22. Nf6+ Kg7 23. Bxf8+ Kxf8 24. Qxh6+ Ke7 25. Qh4) 17. Nf6+ Kh8 18. Bg5 Nd7 ({RR} 18... hxg5 19. Qxg5 Bxf6 20. exf6 Kg8 21. Ne5 Qd6 22. Nxg6) 19. Nxd7 Qxd7 20. Bxh6 c5 21. Qg5 ({RR} 21. Qf4) 21... Qd8 ({RR} 21... Qf5 22. Bxg7+ Kxg7 23. Qxf5) 22. Qf4 {1-0 Short,N (2660)-Beliavsky,A (2710) FIDE-Wch k.o. 1997 (4.4)}) ({RR} 7... Nc6 8. Nf3 Nf6 9. h3 Nh5 10. g4 g5) 8. f4 $146 ({RR} 8. O-O-O b5 9. h3 Nf6 10. e5 dxe5 11. dxe5 Qxd2+ 12. Rxd2 Ng8 13. f4 g5 14. Nd5 Ra7 15. Bf2 Rb7 16. g3 e6 17. Nc3 Bd7 18. Bg2 Bc6 19. Nf3 Ne7 20. Rhd1 Bd5 21. Bc5 c6 22. Ne4 O-O {1-0 Kudla,R (2008)-Mohyla,T (2088) CZE-chT2F 1213 2012 (1.58)}) ({RR} 8. h3 Nf6 9. f4 b5 10. Bd3 b4 11. Nce2 c5 12. e5 Nd5 13. O-O-O cxd4 14. Be4 dxe5 15. fxe5 Nc6 16. Nf3 Bf5 17. Bxf5 gxf5 18. Nexd4 Nxd4 19. Qxd4 Nb6 20. Qc5 Nd7 21. Qd5 Rc8 22. e6 fxe6 {1-0 Michelle Catherina,P (2164)-Savitha,S (2363) Swiss Queens Wed #8 2024 (10.50)}) ({RR} 8. h3 Nf6 9. O-O-O b5 10. Qe3 Bb7 11. e5 Nd5 12. Nxd5 Bxd5 13. Kb1 dxe5 14. dxe5 g5 15. Bg3 e6 16. Qe1 c5 17. f4 Nc6 18. Nf3 gxf4 19. Bxf4 Qa5 20. Qxa5 Nxa5 21. Be2 Nc6 22. Rhe1 Rd8 {1-0 Herlan,K (1895)-Ulusoy,T (1993) Mittelfranken Mitte-ch 1213 2013 (3)}) ({RR} 8. h3 Nf6 9. f4 b5 10. a3 Bb7 11. Bd3 c5 12. d5 Nbd7 13. Nf3 Qc7 14. Bg3 c4 15. Be2 Nc5 16. e5 Nfe4 {0-1 Wilberger,M (1527)-Gonzalez,F (1845) Asuncion Clasificatorio op 3rd 2017 (3)}) 8... b5 9. Nd5 Nc6 10. Nf3 Nf6 11. Qe3 Bb7 12. Bxf6 Bxf6 13. Nxf6+ exf6 14. O-O-O Qe7 15. d5 Nb8 16. Qd4 Nd7 17. Bd3 O-O-O 18. a4 c6 19. dxc6 Bxc6 20. Qa7 Bb7 21. axb5 axb5 22. Nd4 Nc5 23. Nc6 Qc7 24. Nxd8 Kxd8 25. e5 fxe5 26. fxe5 d5 27. Qa3 Ke7 28. Kd2 Ra8 29. Qc3 Qb6 30. Ke2 Rc8 31. Qb4 Bc6 32. Rhf1 Ke8 33. Qf4 Qc7 34. Qf6 Qd7 35. Qh8+ Ke7 36. Rxf7+ Kxf7 37. Rf1+ Qf5 38. Rxf5+ gxf5 39. Qxc8 Ne6 40. Bxf5 Nd4+ 41. Kd3 Nxf5 42. Qxf5+ 1-0